Аналитическое решение дифференциального уравнения с кубической нелинейностью; Информационные технологии в науке, управлении, социальной сфере и медицине; Ч. 1
| Parent link: | Информационные технологии в науке, управлении, социальной сфере и медицине: сборник научных трудов III Международной научной конференции, 23-26 мая 2016 г., Томск.— , 2016 Ч. 1.— 2016.— [С. 37-42] |
|---|---|
| Autor principal: | |
| Autor corporatiu: | |
| Altres autors: | |
| Sumari: | Заглавие с титульного экрана This paper considers method of Cauchy problem solution for nonlinear differential equation. Source of solution error and way of eliminating it is studied. Solution obtained with suggestedmethod is compared with solution obtained with built-in MATLAB functions. |
| Idioma: | rus |
| Publicat: |
2016
|
| Col·lecció: | Моделирование в научных исследованиях |
| Matèries: | |
| Accés en línia: | http://earchive.tpu.ru/handle/11683/31646 |
| Format: | MixedMaterials Electrònic Capítol de llibre |
| KOHA link: | https://koha.lib.tpu.ru/cgi-bin/koha/opac-detail.pl?biblionumber=619296 |
MARC
| LEADER | 00000naa2a2200000 4500 | ||
|---|---|---|---|
| 001 | 619296 | ||
| 005 | 20231101133044.0 | ||
| 035 | |a (RuTPU)RU\TPU\conf\17713 | ||
| 035 | |a RU\TPU\conf\17711 | ||
| 090 | |a 619296 | ||
| 100 | |a 20160817d2016 k y0rusy50 ca | ||
| 101 | 0 | |a rus | |
| 102 | |a RU | ||
| 105 | |a y z 101zy | ||
| 135 | |a drgn ---uucaa | ||
| 181 | 0 | |a i | |
| 182 | 0 | |a b | |
| 200 | 1 | |a Аналитическое решение дифференциального уравнения с кубической нелинейностью |d Analytical solution of differential equation with cubic nonlinearity |f Т. А. Инхиреева, А. В. Козловских | |
| 203 | |a Текст |c электронный | ||
| 225 | 1 | |a Моделирование в научных исследованиях | |
| 230 | |a 1 компьютерный файл (pdf; 438 Kb) | ||
| 300 | |a Заглавие с титульного экрана | ||
| 320 | |a [Библиогр.: с. 42 (4 назв.)] | ||
| 330 | |a This paper considers method of Cauchy problem solution for nonlinear differential equation. Source of solution error and way of eliminating it is studied. Solution obtained with suggestedmethod is compared with solution obtained with built-in MATLAB functions. | ||
| 461 | 1 | |0 (RuTPU)RU\TPU\conf\17281 |t Информационные технологии в науке, управлении, социальной сфере и медицине |o сборник научных трудов III Международной научной конференции, 23-26 мая 2016 г., Томск |o в 2 ч. |d 2016 | |
| 463 | 1 | |0 (RuTPU)RU\TPU\conf\17283 |t Ч. 1 |f Национальный исследовательский Томский политехнический университет (ТПУ) ; ред. кол. О. Г. Берестнева ; О. М. Гергет ; Т. А. Гладкова |v [С. 37-42] |d 2016 | |
| 510 | 1 | |a Analytical solution of differential equation with cubic nonlinearity |z eng | |
| 610 | 1 | |a труды учёных ТПУ | |
| 610 | 1 | |a электронные ресурсы | |
| 610 | 1 | |a задача Коши | |
| 610 | 1 | |a циклические ускорители | |
| 610 | 1 | |a вакуумные камеры | |
| 610 | 1 | |a колебания | |
| 700 | 1 | |a Инхиреева |b Т. А. | |
| 701 | 1 | |a Козловских |b А. В. |c российский ученый, специалист в области прикладной математики |c доцент Томского политехнического университета, кандидат технических наук |f 1944- |g Александр Владимирович |2 stltpush |3 (RuTPU)RU\TPU\pers\25732 | |
| 712 | 0 | 2 | |a Национальный исследовательский Томский политехнический университет (ТПУ) |b Институт кибернетики (ИК) |b Кафедра прикладной математики (ПМ) |h 130 |2 stltpush |3 (RuTPU)RU\TPU\col\18700 |
| 801 | 2 | |a RU |b 63413507 |c 20160912 |g RCR | |
| 856 | 4 | |u http://earchive.tpu.ru/handle/11683/31646 | |
| 942 | |c BK | ||